Introducción a la tecnología eléctrica

Bewaard in:
Bibliografische gegevens
Hoofdauteur: Karcz, Andrés M (Auteur)
Formaat: Boek
Taal:Spaans
Gepubliceerd in: Buenos Aires EUDEBA 1971
Reeks:Manuales de EUDEBA. Ingeniería
Onderwerpen:
Tags: Voeg label toe
Geen labels, Wees de eerste die dit record labelt!

MARC

LEADER 00000nam a2200000 a 4500
001 UCU5154
003 CL-VaPUC
008 960531e19710000AG |||||||||||||||||spa|d
082 0 4 |a 621.3  |b KAR  |2 21 
100 |a Karcz, Andrés M  |e author  |9 363078 
245 1 0 |a Introducción a la tecnología eléctrica 
300 |a 2 v 
942 |c BK 
945 |d 19960531 00:00:00  |a lriquelm 
260 |a Buenos Aires  |b EUDEBA  |c 1971 
500 |a v.1: Elementos de los circuitos magnéticos 
500 |a v.2: Introducción a la tecnología eléctrica 
650 0 |a Electricidad  |9 260222 
650 7 |a TECNOLOGIA ELECTRICA  |2 CL-VaPUC  |9 336952 
650 7 |a BOBINAS ELECTRICAS  |2 CL-VaPUC  |9 363013 
650 0 |a Transformadores  |9 345471 
650 7 |a ELECTROIMANES  |2 CL-VaPUC  |9 363014 
583 |a last modification  |c 20171031 14:12:36  |k Rodrigo Vera 
490 0 |a Manuales de EUDEBA. Ingeniería 
999 |c 248610  |d 248608